Inspiring thoughts on love / (Record no. 38838)

MARC details
000 -LEADER
fixed length control field 00715nam a22002177a 4500
005 - DATE AND TIME OF LATEST TRANSACTION
control field 20100803103622.0
010 ## - LCCN (DPL NO)
LC control number ENG-97830
020 ## - INTERNATIONAL STANDARD BOOK NUMBER
International Standard Book Number 9788170288824
Terms of availability 95.00
035 ## - SYSTEM CONTROL NUMBER
System control number EN-81363
037 ## - SOURCE OF ACQUISITION
Source of stock number/acquisition DBAD/PUB
082 ## - DEWEY DECIMAL CLASSIFICATION NUMBER
Classification number 808.88
245 ## - TITLE STATEMENT
Title Inspiring thoughts on love /
Statement of responsibility, etc compiled by Meera Johri
260 ## - PUBLICATION, DISTRIBUTION, ETC. (IMPRINT)
Place of publication, distribution, etc Delhi
Name of publisher, distributor, etc Rajpal & Sons
Date of publication, distribution, etc 2010
270 ## - ADDRESS
Address Kashmere Gate
City Delhi
Postal code 6
300 ## - PHYSICAL DESCRIPTION
Extent 104p.
Dimensions 18cm (Hb)
650 ## - SUBJECT ADDED ENTRY--TOPICAL TERM
Topical term or geographic name as entry element Quotation
650 ## - SUBJECT ADDED ENTRY--TOPICAL TERM
Topical term or geographic name as entry element Inspiring Thoughts
700 ## - ADDED ENTRY--PERSONAL NAME
Personal name Johri, Meera
9 (RLIN) 4707
942 ## - ADDED ENTRY ELEMENTS (KOHA)
Source of classification or shelving scheme Dewey Decimal Classification
Item type English Books
Classification part 808.88
Call number suffix INS
Holdings
Withdrawn status Lost status Not for loan Collection code Home library Current library Date acquired Source of acquisition Cost, normal purchase price Full call number Barcode Copy number Cost, replacement price Koha item type
    Not For Loan Non-fiction D.B.Act.Division D.B.Act.Division 03/08/2010 DBAD/PUB 95.00 808.88 INS EN-81363 1 95.00 English Books

© Delhi Public Library
Hit Counter
free hit counter